Missing Word: Palindromes Quiz Stats

 Plays Quiz Updated Aug 27, 2012

Support Sporcle.
Go Orange.
Score 0/20 Timer 02:00
0 Plays Today
Hint Word % Correct
Adam and _______Eve
97.5%
Bird's _______ ViewEye
94.1%
Yoko _______Ono
89.7%
King _______Tut
79.6%
_______ BarkerBob
77.3%
_______ MontanaHannah
74.1%
_______ KareninaAnna
69.4%
High _______Noon
67.2%
_______ DeckPoop
60.5%
Doppler _______Radar
60.1%
Hint Word % Correct
Honda _______ SedanCivic
53.4%
_______ CuffRotator
49.2%
_______ GrandMGM
46.1%
Battle of the _______Sexes
40%
Marshmallow _______Peep
39.5%
American _______Dad
24.8%
_______ BarPullup
11.9%
_______ UpLevel
11.3%
_______ CandiesSee's
9.4%
Mens _______ Single 500mKayak
6.5%

Today's Daily Dose

You're not logged in!

Compare scores with friends on all Sporcle quizzes.
OR
Log In

From the Vault

Which Animal Belongs in That Idiom?

by MissDianaP

These animals have a lot to say for themselves.
Remove Ads.
Support Sporcle.
Get the best of Sporcle when you Go Orange. This ad-free experience offers more features, more stats, and more fun while also helping to support Sporcle. Thank you for becoming a member.

Show Comments

Extras

Top Quizzes Today


Score Distribution

Your Account Isn't Verified!

In order to create a playlist on Sporcle, you need to verify the email address you used during registration. Go to your Sporcle Settings to finish the process.

Report this User

Report this user for behavior that violates our Community Guidelines.

Details: